=LDR 00000nam 2200000 4500 =001 INLIS000000000004595 =005 20200224101211 =035 ##$$a 0010-061300000004595 =008 200224################g##########0#ind## =041 ##$$a Ind =082 ##$$a 160 =090 ##$$a 160, Pus l =100 ##$$a Puspoprojo, w =245 1#$$a Logika scientifika : $b Pengantar dialektika dan ilmu /$c W puspoprojo; Editor, Tjun surjaman =260 ##$$a Bandung :$b Remadja karya,$c 1985 =300 ##$$a Xvi, 271 hlm : $b Ilus ; $c 14, 5 x 21 Cm =650 #4$$a Logika =850 ##$$a NBPNMAT =084 ##$$a 160 PUS l =250 ##$$a Cet. 1 =504 ##$$a Bibliografi : hlm. 274 =990 ##$$a 165.047/Pro.2001 =990 ##$$a 165.048/Pro.2001 =990 ##$$a 165.049/Pro.2001 =990 ##$$a 165.050/Pro.2001 =990 ##$$a 165.051/Pro.2001 =990 ##$$a 32.646/ Pb- 90 =990 ##$$a 0001/BPAP-NTB/20142014 =990 ##$$a 165.051/ Pro- 2001 =990 ##$$a 165.047/Pro.2001 =990 ##$$a 165.048/Pro.2001 =990 ##$$a 165.049/Pro.2001 =990 ##$$a 165.050/Pro.2001 =990 ##$$a 165.051/Pro.2001 =990 ##$$a 32.646/ Pb- 90